000 00682nam a2200253Ia 4500
005 20260306145448.0
008 008 260114s9999 xx 000 0 eng d
020 _a9780520387157
037 _aEbook
040 _aCRL
040 _beng
040 _cCRL
041 _2eng
041 _aeng
084 _qCRL
100 _aShelley, Braxton D.
_91123792
245 3 _aAn eternal pitch : Bishop G. E. Patterson, broadcast religion, and the afterlives of ecstasy
260 _bUniversity of California Press (UC Press)
260 _c2023
650 _aMusic
856 _uhttps://www.degruyter.com/isbn/9780520387157
942 _cEBOOK
999 _c1688627
_d1688627